[Event "Donner Memorial"]
[Site "Amsterdam"]
[Date "1996.08.25"]
[Round "8"]
[White "Salov, Valery"]
[Black "Piket, Jeroen"]
[Result "1/2-1/2"]
[WhiteElo "2675"]
[BlackElo "2580"]
[Annotator "Horn,Pe"]
[PlyCount "82"]
[EventDate "1996.08.17"]
[EventType "tourn"]
[EventRounds "11"]
[EventCountry "NED"]
[EventCategory "16"]
[SourceTitle "CBM 055"]
[Source "ChessBase"]
[SourceDate "1996.12.01"]
[SourceVersion "1"]
[SourceVersionDate "1996.12.01"]
[SourceQuality "1"]

1. Nf3 {Psakhis} Nf6 2. g3 d5 3. Bg2 c6 4. c4 dxc4 5. O-O Bf5 (5... b5 $6 6. a4
$16) (5... Nbd7 {die Hauptfortsetzung} 6. Na3 Nb6 7. Qc2) 6. Na3 e5 (6... b5 7.
b3 $1 (7. Ne5 $5 {Psakhis} Qc7 8. d4 cxd3 $8 9. Bf4 $5 g5 $1 $8 10. Nxc6 gxf4
11. Nxb5 Qb6 $8 12. Ncd4 Bd7 $8 (12... Be4 $2 13. Bxe4 Nxe4 14. Rc1 $18) 13.
Qxd3 $36 {Loginov,V-Iuldachev,S/UZB/1992/0:1/46/}) 7... cxb3 8. Qxb3 Be4 (8...
e6 9. Ne5 $1) (8... a6 9. d3 (9. Ne5 $5) 9... e6 10. Bb2 Be7 11. Ne5 O-O 12.
Nc2 Nfd7 13. Nb4 Nxe5 14. Bxe5 Bd6 15. Bb2 Qe7 16. Nxc6 Nxc6 17. Bxc6 Rac8 $10
{Pigusov-Budnikov/Reykjavik op/1994}) 9. d3 Bxf3 10. Bxf3 a6 11. Nc2 $1 e6 12.
a4 Ra7 13. axb5 cxb5 14. Nb4 Bxb4 15. Qxb4 Qe7 16. Qb3 Qd7 17. Ba3 $16 {
Romanishin-Sveshnikov/URS-ch/1979}) (6... Nbd7 7. Nxc4 h6 $6 8. b4 $1 e6 9. Qb3
Be7 10. d3 O-O 11. Na5 $14 {Dzindzichashvili-Sherzer/Philadelphia ch-USA/1990})
(6... Qd5 7. b3 (7. Ng5 Qd4 8. Qa4) 7... cxb3 8. Ng5 Qd7 9. Qxb3 e6 10. Nc4 Bg6
11. d3 (11. Bb2 Be7 12. Ne5 Qc7 $13) 11... Be7 12. Nf3 (12. Ne5 $5 Qc8 13. Rb1
b6 $13) 12... Nd5 13. e4 Nb6 14. Nfe5 (14. Nxb6 axb6 15. Bb2) 14... Qd8 15. Na5
Qc8 16. Ba3 Qc7 17. Bxe7 Qxe7 18. d4 O-O 19. f4 N8d7 $2 20. Nxg6 hxg6 21. Nxb7
$16 {Kirov-Westerinen/Andorra op/1994}) 7. Nxc4 (7. Nxe5 $4 Bxa3 8. bxa3 Qd4
$19) 7... e4 8. Ng5 $5 $146 {N/} (8. Nfe5 Nbd7 (8... Bc5 9. Qb3 b5 $2 10. Nd6+
$2 (10. Nxf7 $1 $18) 10... Qxd6 11. Qxf7+ Kd8 12. Qxg7 Rf8 13. d4 $6 $13 {
Bell-Howell/BCF-ch/1988} (13. Nf7+ Rxf7 14. Qxf7 $16)) 9. d4 exd3 10. Nxd3 Be7
11. Qb3 Nb6 12. Na5 $14 {Karner,H-Polugaevsky,L/Tallinn/1973/0,5/42/} Qc8 13.
Nf4 (13. Re1) 13... O-O 14. Re1 Re8 15. e4 Bf8 16. f3 $14 {Kiarner-Polugaevsky/
Tallinn/1973}) 8... h6 $6 (8... Bc5) 9. Nxf7 (9. Ne3 {Psakhis} Bg6 (9... hxg5
10. Nxf5 Qd7 11. Ne3 Bc5) 10. Nh3 Bd6 $13) 9... Kxf7 10. Qb3 Ke8 (10... Qe7 11.
Nd6+ (11. Nb6+ Be6 12. Qa4 Qb4 (12... axb6 13. Qxa8 Na6 $17) 13. Qxb4 Bxb4 14.
Nxa8 Na6 $15) 11... Kg6 12. Nxf5 (12. f3 Be6) 12... Kxf5 {[%csl Rf5] Eine
kritische Stellung für die Beurteilung des Variante. Weiß hat nur einen P für
den N, aber wegen der "aktiven" Königsstellung wird er noch mindestens einen
hergeben müssen.} 13. d3 (13. f3 Kg6 (13... exf3 14. Rxf3+ Kg6 15. Qc2+ Kf7 16.
Qb3+ Kg6 (16... Qe6 17. Qxb7+ Nbd7 18. d4 $44) 17. Qc2+ $10) 14. fxe4 Qb4 15.
Qf3 $44 (15. Qxb4 {Psakhis} Bxb4 16. e5 Bc5+ 17. Kh1 Nd5 18. Be4+ Kh5 19. Bf3+
$10)) 13... Kg6 (13... exd3 $6 14. Qxd3+ Ke6 $8 15. Qb3+ Kf5 16. e4+ $5 (16.
Qd3+ $10) 16... Kg6 $8 17. e5 Nd5 18. Be4+ Kf7 19. Rd1 $44) 14. dxe4 Kh7 15. e5
$44 {Die kompakte weiße Bauernmasse im Zentrum in Verbindung mit den schwarzen
Entwicklungsschwierigkeiten sollte Weiß wenigstens genügend Kompensation für
die Figur geben.}) 11. Qxb7 Nbd7 12. Qxc6 {Jetzt hat Weiß sogar 3 Bauern für
die Figur kassiert und dem Gegner die Rochade verdorben. Dafür hat Schwarz in
der Entwicklung aufgeholt.} Rc8 (12... Bc5 13. d4 $1) 13. Qa4 (13. Nd6+ Bxd6
14. Qxd6 Qc7 {entlastet Schwarz etwas}) 13... Be6 (13... Qc7 14. b3 {[%cal
Yc1a3]}) 14. b3 $1 (14. Ne3 $5 {/\ Bxe4. Der Idee sieht merkwürdig aus: wer
gibt schon gerne seinen Bg2 her ? Aber immerhin: Pe4 ist nicht zu verteidigen
und das ist der letzte schwarze Bauer im Zentrum ...}) (14. Ne5 Bd6 15. Ng6 Rg8
$13 16. Bxe4 $4 Rc4) 14... Bxc4 (14... Qc7 15. Bb2 {[%cal Ya1c1]} Bxc4 16. Rac1
$16) 15. bxc4 Qb6 (15... Bc5 16. Rb1 {[%cal Yb1b7]}) 16. d3 Bc5 (16... exd3 17.
exd3 {gibt Weiß zusätzliche Möglichkeiten.}) 17. Ba3 (17. dxe4 $2 Bxf2+ (17...
Bd4 {Psakhis} 18. c5 $1 Qxc5 (18... Bxc5 19. e5 Bd4 20. Be3 $1 $40) 19. Ba3 Qc4
20. Qxc4 Rxc4 21. Rac1 Rxc1 (21... Ne5 22. Rxc4 Nxc4 23. Rc1 $1) 22. Rxc1 Kd8
$10)) 17... Bxa3 (17... exd3 18. Bxc5 (18. exd3 {Psakhis} Kf7 19. Bd5+ Nxd5 20.
Qxd7+ Ne7 21. Bxc5 Qxc5 22. Rfe1 Rhd8 23. Qe6+ Kf8 24. Re3 $36) 18... Qxc5 19.
exd3 Kf7 20. Rab1 $36) 18. Qxa3 Kf7 {Der Pulverdampf hat sich verzogen. Weiß
darf ganz zufrieden sein: er hat 3 Bauern und eine "kleine Qualität" (B gegen
N) für die Figur. Andererseits hat auch Schwarz die größten Schwierigkeiten
überwunden: seine Figuren spielen alle mit und der Kf7 ist dem Getümmel
entronnen.} (18... Qc5 $5) 19. Rab1 Qc5 20. Qa4 (20. Qxc5 Rxc5 $10 (20... Rxc5
{Psakhis} 21. Rb7) (20... Nxc5 21. d4)) 20... Rc7 (20... exd3 21. exd3 Rc7 (
21... Rhd8 {Psakhis} 22. Rb7 $36) 22. Rfe1) 21. dxe4 (21. Rb5 Qe7 22. dxe4 Nxe4
) 21... Re8 (21... Qxc4 22. Qxc4+ Rxc4 23. Rb7 $14 {[%cal Re4e5]}) 22. Rb5 (22.
Rb4 Nxe4 23. Rb5 Qe7 24. Qa5 $13) 22... Qxc4 23. Qxc4+ Rxc4 24. Rb7 Re7 (24...
Rd4 25. Rxa7 Rd2 $10) 25. Rxa7 Nxe4 (25... Rc2 {Psakhis} 26. f4 $1) 26. Bxe4
Rcxe4 27. Rd1 Nf6 28. Rxe7+ Kxe7 29. Rd2 Ra4 30. f3 Ke6 31. Kf2 Nd5 32. Rc2 Ra3
(32... Nb4 $2 33. Rc4 Kd5 34. Rg4 $16) 33. Rb2 Ra7 (33... Nc3 $2 34. Rb3 Nd1+
35. Ke1) 34. h4 Nc3 35. Rb3 Nxa2 36. h5 Rc7 37. Rb6+ Kf7 38. g4 Rc2 39. Rb7+
Kf6 40. Rb6+ Kf7 41. Rb7+ Kf6 (41... Kg8 42. Re7 $10) 1/2-1/2

[Event "Debrecen"]
[Site "Debrecen"]
[Date "1990.??.??"]
[Round "3"]
[White "Romanishin, Oleg M"]
[Black "Novikov, Igor A"]
[Result "1/2-1/2"]
[WhiteElo "2525"]
[BlackElo "2550"]
[Annotator "Horn,Pe"]
[PlyCount "101"]
[EventDate "1990.06.??"]
[EventType "tourn"]
[EventRounds "11"]
[EventCountry "HUN"]
[EventCategory "13"]
[SourceTitle "CBM 020"]
[Source "ChessBase"]
[SourceDate "1991.02.01"]
[SourceVersion "1"]
[SourceVersionDate "1991.02.01"]
[SourceQuality "1"]

1. Nf3 Nf6 2. g3 d5 3. Bg2 c6 4. O-O Bg4 5. c4 Nbd7 6. cxd5 cxd5 7. Nc3 e6 8.
d4 (8. h3 Bh5 (8... Bxf3 9. Bxf3 Bd6 10. d3 O-O 11. e4 dxe4 12. dxe4 Ne5 13.
Bg2 Bc5 {Nezhni-Shirazi, USA 1981}) 9. d3 Bd6 10. e4 O-O 11. Qe2 dxe4 12. dxe4
Qb8 13. Bg5 h6 14. Bxf6 Bxf3 15. Bxf3 Nxf6 16. Rfd1 Be5 {Horvath-Adams, Arnhem
1988}) 8... Bd6 9. Bg5 Bxf3 10. Bxf3 h6 11. Bd2 {N} (11. Bc1 $6 O-O 12. Qd3 Rc8
13. Bd2 Qb6 14. Rab1 a6 15. Rfc1 Rc4 {Romanishin-Anastasian, Erevan 1988})
11... O-O 12. Qb3 Qb6 13. e3 Rfc8 14. Rfc1 a6 15. Be1 Rc6 16. Qxb6 Nxb6 17. a4
Rac8 18. a5 Nc4 19. Rcb1 Be7 $1 20. b4 Ne8 21. Na4 Ned6 22. Nc5 R6c7 23. Rb3
Bf6 24. Rd1 Nb5 25. Be2 Ncd6 26. f3 h5 27. Bf2 g6 28. h3 Re7 29. g4 hxg4 30.
hxg4 Rce8 31. Kg2 g5 32. Rc1 e5 33. dxe5 Bxe5 34. Bxb5 Nxb5 35. Rd3 Rd8 36. Na4
Bb8 37. Nb6 d4 $1 38. exd4 Re2 $44 39. d5 Rb2 40. Rc8 (40. Rc4 Re8 {/\ Ree2})
40... Rxc8 41. Nxc8 Rc2 (41... Rxb4 $2 42. d6 $18) 42. Ne7+ (42. Nb6 Bd6) 42...
Kf8 43. Nf5 Ba7 44. Ne3 Bxe3 45. Rxe3 Rd2 46. Re5 Nc3 47. d6 f6 48. Rc5 Nd1 49.
Rc8+ Kf7 50. d7 Rxd7 51. Bc5 1/2-1/2

[Event "Leon"]
[Site "Leon"]
[Date "1990.??.??"]
[Round "4"]
[White "Granda Zuniga, Julio E"]
[Black "Romero Holmes, Alfonso"]
[Result "1-0"]
[WhiteElo "2510"]
[BlackElo "2460"]
[Annotator "Horn,Pe"]
[PlyCount "83"]
[EventDate "1990.06.??"]
[EventType "tourn"]
[EventRounds "11"]
[EventCountry "ESP"]
[EventCategory "9"]
[SourceTitle "CBM 020"]
[Source "ChessBase"]
[SourceDate "1991.02.01"]
[SourceVersion "1"]
[SourceVersionDate "1991.02.01"]
[SourceQuality "1"]

1. Nf3 Nf6 2. g3 d5 3. Bg2 Bg4 4. c4 c6 5. cxd5 Bxf3 (5... cxd5 $6 6. Ne5) 6.
Bxf3 cxd5 7. d4 Nc6 8. O-O e6 9. Nc3 Be7 10. e3 {N} (10. Be3 O-O 11. Rc1 Nd7
12. Na4 Bf6 13. Qd2 Rc8 $10 {Miles-Kuzmin, Hastings 1973/74}) 10... O-O 11. Qe2
a6 12. Rd1 Rc8 13. Bd2 b5 14. Be1 Qb6 15. Bg2 Rfe8 $15 16. a4 $2 b4 17. Na2 b3
18. Nc1 Bb4 19. Bxb4 Nxb4 20. a5 Qb8 21. Rd3 $4 (21. Nxb3 $4 Nc2 $19) (21. Nd3
Qb5 22. Bf1 Rc2 23. Rd2 Ne4 24. Rxc2 Nxc2) 21... Rc2 22. Qf1 Rxb2 $4 (22...
Nxd3 $19 23. Nxd3 (23. Qxd3 Rxb2 24. Qc3 Rc2) 23... Nd7) 23. Rxb3 Rxb3 24. Nxb3
Nd7 $2 (24... Nc2 $1 25. Rb1 Na3 26. Rb2 Nc4) 25. Rb1 Qc7 26. Qc1 $1 Qc6 $2 (
26... Rc8 $2 27. Qxc7 Rxc7 28. Nc5 Nxc5 29. Rxb4 Nd7 30. Bf1) (26... Qd6) 27.
Nc5 Rb8 (27... Nxc5 28. Rxb4) 28. Qc3 $18 Nxc5 (28... Na2 29. Rxb8+ Nxb8 30.
Qb3) 29. dxc5 Qa4 30. c6 Qxa5 (30... Qxc6 31. Rxb4) 31. Bf1 g6 32. Rxb4 Rc8 33.
Rc4 Qb6 34. Rc5 Rc7 35. Qc2 h5 36. Rc3 Kg7 37. Qa4 Kf8 38. Qxa6 Qxa6 39. Bxa6
Ke7 40. Bb7 Kd6 41. Ra3 e5 42. Ra8 1-0

[Event "Politiken zt"]
[Site "Munkebo"]
[Date "1998.09.13"]
[Round "2.1"]
[White "Gausel, Einar"]
[Black "Hector, Jonny"]
[Result "1-0"]
[WhiteElo "2540"]
[BlackElo "2510"]
[Annotator "Horn,Pe"]
[PlyCount "119"]
[EventDate "1998.09.10"]
[EventType "k.o."]
[EventRounds "5"]
[EventCountry "DEN"]
[SourceTitle "CBM 067"]
[Source "ChessBase"]
[SourceDate "1998.11.30"]
[SourceVersion "2"]
[SourceVersionDate "1998.11.01"]
[SourceQuality "1"]

1. Nf3 d5 2. g3 c6 3. Bg2 Bg4 4. c4 e6 5. cxd5 exd5 6. O-O Nd7 7. d3 Bc5 (7...
Ngf6 {wurde hier meistens gespielt.}) 8. Nc3 Ne7 9. Qb3 $146 (9. h3 Bxf3 10.
Bxf3 O-O 11. Bg2 Re8 12. e4 dxe4 13. dxe4 Ne5 14. Na4 Bd4 15. Qc2 Qa5 16. Kh2
Rad8 17. f4 Nd3 18. Bd2 Qb5 19. Bc3 Bxc3 20. bxc3 Nc5 21. Nxc5 Qxc5 22. Rad1
$14 {Vaulin,A-Tunik,G/St.Petersburg op/1994}) 9... a5 (9... Qb6 10. Qc2 {
[%cal Yc3a4] Weiß hat dem Schwarzen das Tempo Qb6 "geschenkt". Die Q steht
dort aber wenig glücklich.}) 10. Bg5 {Jetzt ist der Pb7 wieder bedroht, wenn
der Ne7 vorher beseitigt wird.} (10. Qxb7 $2 Bb6 $19 {[%cal Ra8a7]}) (10. Na4
$5 {Ich habe nicht erkannt, warum Gausel nicht gleich hier den Finger in die
Wunde legt.}) 10... f6 11. Bd2 O-O (11... Qb6 {Schwarz konnte den Pb7
natürlich einfach decken.} 12. Qc2) 12. Na4 $1 $16 Bd6 {Nun wird es ein echtes
Gambit.} (12... b6 {wäre eine Notlösung gewesen. Um den Preis einer Schwächung
und des Läuferpaars behauptet Schwarz den P.}) 13. Qxb7 Rb8 {Die Verfolgung
der Qb7 führt nur dazu, daß sie sich mit Tempo auf sicheres Gelände begibt.
Aber auch sonst kann ich keine beeindruckenden Möglichkeiten für Schwarz
erkennen.} 14. Qa7 {Weiß hat keinen Grund, mit Remis zufrieden zu sein.} (14.
Qa6 Ra8 15. Qb7 Rb8) 14... Ra8 15. Qd4 $16 {[%csl Rg4] Das Tempo sichert Weiß
vor irgendwelchen Eventualitäten.} h5 16. Qc3 c5 17. e4 {Hier ist dieser
sowieso geplante Vorstoß besonders stark, da Schwarz auf den weißen Feldern
anfällig ist.} d4 18. Qc2 Ng6 (18... Rb8 19. Qc4+ {[%cal Yc4a6]}) (18... Ra7)
19. Rae1 (19. e5 Ngxe5 (19... fxe5 20. Ng5 $18) 20. Nxe5 fxe5 21. Bxa8 Qxa8 {
[%csl Ga8] Gegenüber der Partiefortsetzung gibt die Position der Qa8 hier viel
mehr Spiel.} 22. f4 Bh3 23. Rf2 exf4 24. Bxf4 (24. gxf4 Rf6 $40) 24... Bxf4 25.
Rxf4 Rxf4 26. gxf4 Qf3 $13) 19... Qc7 (19... Qb8 {käme besser mit dem
folgenden Vorstoß klar.}) 20. e5 $1 Ndxe5 (20... fxe5 21. Ng5 $18 {[%cal Rc2c4]
}) 21. Nxe5 fxe5 (21... Nxe5 22. f4 $18) 22. Bxa8 Rxa8 {Das kostet wertvolle
Zeit.} 23. f3 $18 Be6 24. b3 Bd5 25. Bg5 Rf8 26. Re4 $1 {Gibt die Qualität
wieder her für die absolute Dominanz auf den weißen Feldern.} h4 (26... Bxe4
27. fxe4 Rxf1+ 28. Kxf1 $18 {[%cal Rc2c4] Weiß hat hier nicht einmal etwas
mehr, aber die schwarze Stellung macht einen hilflosen Eindruck: Die Qc4 droht
auf den weißen Feldern einzudringen; bei Damentausch gibt es keine rechte
Verteidigung gegen Bd8.}) 27. gxh4 Nf4 28. Bxf4 Bxe4 29. fxe4 Rxf4 (29... exf4
30. Qc4+) 30. Rxf4 exf4 31. Qe2 {[%cal Ya4b2,Yb2c4,Ye2g4] Der Bd6 ist hier
nicht ganz so schrecklich tot wie nach 26...Bxe4, aber auch hier ist der
Randspringer die kräftigere Figur. Wenn die Qc7 b6 nicht mehr bewacht,
eröffnet sich eine Route nach d5; ansonsten kann er auch über b2 nach c4
kommen.} f3 $6 32. Qxf3 Bxh2+ 33. Kg2 Bd6 34. Nb2 a4 {Verzweiflung.} 35. bxa4
Be7 (35... Qa5 36. Nc4 {ist noch schlimmer.}) 36. Qg4 Qa5 37. Qe6+ Kh8 (37...
Kf8 38. Nc4 Qxa4 39. Ne5 $18) 38. Nc4 (38. Qxe7 $143 Qd2+ 39. Kf3 Qxb2 40. Qxc5
$18) 38... Qe1 39. Qc8+ (39. Ne5) 39... Kh7 40. Qf5+ Kg8 41. Qf3 Qxh4 42. a5
Qg5+ 43. Qg3 Qh5 44. Qb8+ Kh7 45. Qh2 {[%csl Ga5]} Bh4 46. Ne5 g5 (46... c4 47.
Nxc4 Qg4+ 48. Kh1 Qd1+ 49. Qg1 Qxd3 50. Qg6+ Kg8 51. Nd6 Qf3+ 52. Kh2) (46...
Qe2+ 47. Kh3 Bf2 48. Qf4) 47. a6 Qe2+ 48. Kh3 Bf2 49. Qh1 $1 {Vermeidet den
letzten Trick.} (49. a7 $2 g4+ 50. Kg2+ (50. Nxg4 $4 Qf3+ $19) 50... Bh4+ 51.
Kh1 Qf1+ $11) 49... c4 (49... Qxa2 50. Qf3 $18) 50. dxc4 d3 51. Qf3 Qxf3+ 52.
Nxf3 Kg7 53. Kg4 Kf6 54. e5+ Kg6 55. Nd2 Ba7 56. Ne4 Bd4 57. e6 Be3 58. Kf3 Bd4
59. Nxg5 Kf6 60. c5 1-0

[Event "Olympiad-33"]
[Site "Elista"]
[Date "1998.10.10"]
[Round "11.1"]
[White "Marin, Mihail"]
[Black "Krasenkow, Michal"]
[Result "1-0"]
[WhiteElo "2530"]
[BlackElo "2655"]
[Annotator "Horn,Pe"]
[PlyCount "80"]
[EventDate "1998.09.29"]
[EventType "team-swiss"]
[EventRounds "13"]
[EventCountry "RUS"]
[SourceTitle "CBM 068"]
[Source "ChessBase"]
[SourceDate "1999.02.01"]
[SourceVersion "1"]
[SourceVersionDate "1999.02.01"]
[SourceQuality "1"]
[WhiteTeam "Romania"]
[BlackTeam "Poland"]
[WhiteTeamCountry "ROU"]
[BlackTeamCountry "POL"]

1. Nf3 d5 2. g3 Bg4 3. Bg2 Nd7 4. c4 e6 5. cxd5 {Dieser Tausch bringt sofort
eine natürliche Spannung in die Partie: Weiß bekommt die Chance für eine
P-Majorität im Zentrum, während Schwarz auf ein freies Figurenspiel verweisen
kann.} exd5 6. O-O Ngf6 7. Nc3 c6 {war (noch) nicht notwendig.} (7... Bc5 $5)
8. d3 {[%cal Ye2e4]} Bc5 {Diese Entwicklung wurde in letzter Zeit zunehmend (u.
a. von Shirov) angewendet.} ({Früher spielte man häufiger} 8... Be7) 9. h3 {
In ähnlicher (Qc2 statt Nc3) Stellung kritisierte Ftacnik in CBM67 diesen Zug
wegen der Schwächung der Bauernstruktur (Pg3). In ECO wird der Zug hier als
Hauptvariante geführt. Ich habe überhaupt den Eindruck, daß die Diskussion um
die nach 5.cxd5 entstehenden Strukturen noch fleißig im Gang ist.} (9. Rb1 O-O
10. b4 Bb6 11. Qc2 Re8 12. Na4 Qe7 13. Nxb6 axb6 14. e3 Bxf3 15. Bxf3 b5 16. a3
Qe6 17. Bg2 h5 $132 {Martin,A-Westerinen,H/Gausdal 1994/EXT 98}) (9. e4 dxe4 (
9... O-O 10. exd5 cxd5 11. Qb3 Bxf3 12. Bxf3 Ne5 13. Bg2 Nxd3 14. Nxd5 Nxd5 15.
Qxd3 Nb4 $11 {Filippov,V-Landa,K/St. Petersburg 1998/CBM 67}) 10. dxe4 O-O 11.
Bf4 Re8 12. Qc2 h6 (12... Bb4 {1/2-1/2 Darcyl,T-Hase,J/Buenos Aires 1983/MCD 
(12)}) (12... Nh5 13. Bg5 Qc7 14. Na4 Bf8 15. Nd4 Nhf6 16. Nc3 Qa5 17. Be3 Rad8
18. h3 Bh5 19. a3 Ne5 20. Nb3 Qa6 21. f4 Nd3 {1/2-1/2 Markowski,T-Hracek,Z/
Krynica 1998/CBM 67}) 13. h3 Bh5 14. a3 g5 15. Bd2 Bg6 16. Rfe1 Qc7 17. b4 Bb6
18. Be3 Re7 19. Nd2 Rae8 $15 {Markowski,T-Krasenkow,M/Augustow 1996/EXT 99}) (
9. Na4 Bd6 10. Be3 O-O 11. Rc1 Re8 12. Qd2 Qe7 13. Rc2 c5 14. Bf4 b5 15. Nc3 a6
$132 {Drasko,M-Abramovic,B/JUG-ch 1988/EXT 97}) (9. Qb3 Nb6 10. Qc2 O-O 11. e4
dxe4 12. dxe4 Nfd7 13. Bg5 f6 14. Bf4 Qe7 15. h3 Bh5 16. g4 Bf7 17. Nh4 g6 18.
Bg3 Ne5 19. b3 a5 20. Kh1 a4 21. f4 {1/2-1/2 Dizdar,G-Rogic,D/Zagreb zt 1993 
(21)}) 9... Bh5 {Wenn Schwarz auf f3 tauschen will, ist jetzt der richtige
Zeitpunkt.Eins ist sicher: ohne den Tausch ist das Leben viel aufregender 
(Shirov hat in der oben angedeuteten Partie auch nicht getauscht).} (9... Bxf3
10. Bxf3 O-O 11. a3 (11. Bf4 Re8 12. Qc2 Bd4 13. Rad1 Ne5 14. Bg2 Ng6 (14...
Nh5 $5 {"=" ECO}) 15. Bc1 a5 16. Kh2 h5 17. e4 $14 {Keene,R-Darga,K/Cheltenham
1971/EXT 99}) (11. Rb1 a5 12. a3 Qe7 13. e4 dxe4 14. dxe4 Ne5 15. Bg2 Qe6 16.
b4 axb4 17. axb4 Bb6 18. Na4 Rfd8 19. Qc2 Bd4 20. Nc5 Qe7 (20... Qa2 $5) 21.
Bf4 h6 $6 (21... Ng6) 22. Nb3 Bb6 23. Nc5 $14 {Sakadin,A-Landenbergue,C/
Harkany 1993/EXT 97}) 11... a5 12. Qc2 (12. Bg2 Re8 13. Qc2 Qe7 14. e4 dxe4 15.
dxe4 Nf8 16. Kh2 Ne6 17. f4 Nd4 18. Qd1 Red8 19. e5 Nd5 20. Nxd5 cxd5 21. Qd3
$14 {Karlsson,L-Sehner,N/Slupsk/1987}) 12... Qb8 13. Bf4 Qa7 14. Rad1 Rfe8 15.
e4 dxe4 16. dxe4 $14 {Anastasian,A-Dreev,A/Kazan 1997/CBM 63}) 10. a3 $5 $146 {
[%cal Yb2b4] Wenn das im technischen Sinn eine Neuerung ist, so eine sehr
naheliegende, wie das oben versammelte Beispielmaterial ausweist. Eine Idee
ist die Expansion Pb2-b4, eine andere die Verhinderung von Bb4 (z.B. in
Loginov-Shipov).} (10. g4 Bg6 11. e4 dxe4 12. dxe4 O-O 13. Re1 Bb4 14. Bg5 Bxc3
15. bxc3 Qa5 16. Qd4 Rfe8 17. e5 Nd5 18. Bd2 N5b6 19. Qb4 Qc5 20. a4 a5 $132 {
Lukov,V-Shabalov,A/Moscow 1989/TD}) (10. Qc2 O-O 11. e4 dxe4 12. dxe4 Re8 13.
Bf4 Bb4 14. Rfe1 (14. Nh4 Nc5 15. e5 Nfd7 16. a3 Bxc3 17. Qxc3 Bg6 $6 (17...
Be2 18. Rfe1 Nd3 19. Rxe2 Nxf4 20. Rd2 Nxg2 21. Kxg2 $14) (17... g5 18. Nf5
gxf4 19. e6 Qf6 20. exd7 Nxd7) 18. Rad1 Qe7 19. Be3 Na4 20. Nxg6 hxg6 21. Qc2
Nab6 22. f4 $14 {Loginov,V-Shipov,S/Berliner Sommer 1996/EXP 54}) 14... Bxc3
15. bxc3 Nc5 16. Rad1 Qa5 17. Rd4 Rad8 18. Nd2 b5 (18... Nd5 19. Be5 $1) 19.
Bg5 Ncd7 20. Nb3 $14 {Shuraev,A-Rodin,M/RUS-chT Moscow 1994/EXP 45}) 10... a5 (
10... O-O 11. b4) 11. e4 dxe4 12. dxe4 O-O 13. Bf4 Re8 14. Qc2 h6 {[%cal Yg7g5]
} 15. Rad1 {In Markowski-Krasenkow(!!) (s.o.) fehlte an dieser Stellung nur
das Zugpaar Rad1/Pa5. Es liegt nahe, zu vermuten, daß Marin diese Partie nicht
unbekannt war.} g5 $2 {[%cal Yh5g6] In Markowski-Krasenkow funktionierte diese
Idee sehr gut: der Bf4 wurde zurückgeworfen und Schwarz startete ein
Druckspiel gegen den Pe4.} (15... Qe7 $14) 16. e5 $1 {Das ist der Unterschied:
Weiß zieht Nutzen aus der Fesselstellung in der d-Linie.} (16. Bd6 Bxd6 17.
Rxd6 Qe7 $132) (16. Bc1 Bg6) 16... gxf4 (16... Nd5 17. Bc1 {am einfachsten} (
17. Nxd5 cxd5 18. Rxd5 gxf4 19. e6 $1 {am lustigsten} (19. Qf5 Bg6 20. Qxf4 (
20. Qxd7 Qxd7 21. Rxd7 fxg3 $17) 20... Qe7 21. Qxh6 Ra6 $1 $13) (19. g4 Bg6 20.
Qd2 Re7 $8 21. Rd1 Qb6 22. Rxd7 Rxd7 23. Qxd7 Bxf2+ 24. Kh1 $13) 19... Bg6 (
19... Rxe6 20. Rxh5 $16) 20. Qd2 fxg3 21. exd7 Bxf2+ 22. Kh1 $16 {[%csl Gd7]})
17... Bxf3 (17... Nxe5 18. Nxe5 Rxe5 19. Nxd5 Bxd1 20. Rxd1 Bxf2+ 21. Qxf2 cxd5
$16 {[%csl Gc1,Gg2]}) 18. Bxf3 Nxe5 (18... N5b6 19. Bg4 Rxe5 20. Kh2 $40 {
[%cal Rf2f4]}) 19. Bg2 $16 {Schwarz verliert den P auf d5 zurück und verbleibt
ohne Kompensation für seine Schwächen.}) 17. exf6 fxg3 18. Qf5 gxf2+ (18...
Bxf2+ 19. Kh1 Bg6 20. Qxd7 Qxf6) 19. Kh1 Bg6 20. Qxd7 Qxf6 {Es ist nach wie
vor eine Hochspannungsstellung geblieben: Schwarz hat immerhin 3 P für die
Figur; darunter das Prachtstück Pf2. Es läßt sich jetzt schon absehen, daß das
Schicksal der Partie mit dem Schicksal des Pf2 verbunden sein wird.} 21. Qxb7 {
Kaltblütig gespielt.} (21. Nh2 $142 {Marin}) 21... Bc2 {[%cal Ra8a7]} (21...
Rab8 $6 22. Qc7 Rxb2 $2 23. Na4 $18) (21... Ra7 22. Qb3) 22. Nh2 $1 (22. Rd7 $2
Ra7 $17) (22. Nd2 $5 Bxd1 23. Nde4) 22... Bxd1 23. Nxd1 {[%csl Rc6,Rf2][%cal
Yh2g4]} h5 $2 (23... Rab8 24. Qc7 $1 $16 (24. Ng4 Qd6 25. Qxc6 Qxc6 26. Bxc6
Re1 27. Kg2 Rb6 28. b4 (28. Bd5 $2 h5 $19 {[%cal Yb6g6]}) 28... Rxc6 29. bxc5
f5 $132) (24. Qxc6 Qxc6 25. Bxc6 Re1 $132)) 24. Qxc6 $18 Qf5 25. Qb5 {[%cal
Rb2b4]} Reb8 26. Qe2 Re8 27. Qb5 Reb8 {Schwarz wäre über ein Remis sehr
erfreut.} 28. Qc4 Ra7 29. Qc3 (29. Nxf2 Bxf2 (29... Rxb2 30. Nd3 $18) 30. Qe2
$18) 29... Rb6 30. Nf3 {[%cal Rd1f2] Mit dem Fall des Pf2 ist der Kampf vorbei.
} a4 31. Ne3 (31. Nxf2 {war auch möglich:} Rb3 32. Nd4 $18) 31... Bxe3 32. Qxe3
Raa6 33. Nd4 Qd7 34. Qxf2 Rg6 (34... Rf6 35. Nf5 $18) 35. Nf5 Rae6 36. Qf3 Qd2
37. Nh4 Rgf6 38. Qa8+ Kg7 (38... Kh7 39. Be4+ Kg7 40. Rg1+ $18) 39. Rg1 Re1 40.
Bf1+ Rg6 (40... Rg6 41. Nxg6 fxg6 42. Qb7+ $18) 1-0